| 000 | 00786nam a2200241 a 4500 | ||
|---|---|---|---|
| 001 | 61431 | ||
| 003 | BD-RjUL | ||
| 005 | 20211209080950.0 | ||
| 008 | 170117s1974 bg ||||| |||| 00| 0 ben d | ||
| 020 | _c: Tk. 18.00 | ||
| 035 | _a(BD-RjUL)61555 | ||
| 040 |
_aBD-RjUL _bben _cBD-RjUL |
||
| 041 | _aben | ||
| 082 |
_223 _a336.24 _bNUA 1974 |
||
| 100 |
_aনুরুন্নবি, এম. _9135152 |
||
| 245 | 1 | 0 |
_aআয়কর আইন = Income-tax law / _cএম. নুরুন্নবি |
| 250 | _a২য় সং. | ||
| 260 |
_aরাজশাহী : _bবেগম গুলশান আরা, _c১৯৭৪ |
||
| 300 |
_avi, ২১৮ পৃ.; _c১৯ সেমি |
||
| 650 |
_aআয়কর _9118704 |
||
| 650 |
_aIncome tax _9135153 |
||
| 942 |
_2ddc _cBK |
||
| 999 |
_c61431 _d61431 |
||